Biblioteca

Roberto de Nobili, adaptation and the reasonable interpretation of religion (Registro nro. 70259)

Detalles MARC
000 -LÍDER
Campo fijo de descripción fija 01643nab a2200241 i 4500
001 - NÚMERO DE CONTROL
Campo de control 768714001
003 - IDENTIFICADOR DEL NÚMERO DE CONTROL
Campo de control CO-MdFUSB
005 - FECHA Y HORA DE LA ULTIMA TRANSACCIÓN
control field 20240618143116.0
008 - ELEMENTOS DE LONGITUD FIJA -- INFORMACIÓN GENERAL
Campo fijo de descripción fija -- Información general 240618t1990 us ||||| |||| 00| 0 eng d
040 ## - FUENTE DE CATALOGACIÓN
Idioma de catalogación spa
Agencia que realiza la transcripción CO-MdFUSB
Agencia que realiza la modificación CO-MdFUSB
041 ## - CÓDIGO DE IDIOMA
Código de idioma para texto/pista de sonido o título separado eng
100 ## - ASIENTO PRINCIPAL--NOMBRE PERSONAL
Nombre personal Clooney, Francis X.,
Fechas asociadas con el nombre 1950- ‎
Término relacionador autor
245 ## - TÍTULO
Título Roberto de Nobili, adaptation and the reasonable interpretation of religion
Mención de responsabilidad / Francis X. Clooney
520 ## - NOTA DE RESUMEN, ETC.
Nota de sumario, etc. El estudio de la historia de la misión nos presenta a hombres y mujeres cuyas opiniones sobre el cristianismo y la cultura coinciden sólo parcialmente con las nuestras, y aprendemos mucho tanto de las diferencias como de las similitudes. Roberto de Nobili, SJ, misionero en el sur de la India en la primera mitad del siglo XVII, es un buen ejemplo: su inmersión en la cultura india y sus opiniones sobre la necesaria adaptación del mensaje cristiano en nuevos entornos anticiparon durante siglos los métodos y Argumentos de la teoría moderna de la inculturación. Sin embargo, como se mostrará, su creencia en la universalidad de la razón es premoderna y es el rasgo de su pensamiento que lo separa más claramente de la mayoría de los misioneros y eruditos de la religión modernos.
546 ## - NOTA DE IDIOMA
Nota de idioma Texto en inglés.
630 #0 - PUNTO DE ACCESO ADICIONAL DE MATERIA - TÍTULO UNIFORME
Título uniforme Ecumenismo e humanismo,
650 #0 - ASIENTO SECUNDARIO DE MATERIA - TERMINO TEMÁTICO
Término temático o nombre geográfico como elemento de entrada Misiones
9 (RLIN) 154
650 #7 - ASIENTO SECUNDARIO DE MATERIA - TERMINO TEMÁTICO
Término temático o nombre geográfico como elemento de entrada Cristianismo y cultura
9 (RLIN) 6959
650 #7 - ASIENTO SECUNDARIO DE MATERIA - TERMINO TEMÁTICO
Término temático o nombre geográfico como elemento de entrada Antropología cultural y social
9 (RLIN) 6714
773 0# - ASIENTO DE ITEM FUENTE
Biblionumber 49486
Itemnumber 82779
Lugar, editorial y fecha de publicación Pasadena
Otro identificador del ítem R2654
Título Missiology:
Número de control del registro (CO-MdFUSB)97
Parte(s) relacionada(s) / Volumen., número. (mes año), páginas Volumen 18, (número 1, 1990) páginas: 25 - 36
Enumeración y primera página página: 25
942 ## - TIPO DE MATERIAL (KOHA)
Tipo de Item KOHA Artículos de Revista
945 ## - INFORMACIÓN LOCAL DEL REGISTRO
Catalogador Catherine Arias Álvarez - Practicante SENA

No hay ítems disponibles.

Biblioteca FUSBC | Teléfono: (57+4) 349 88 10 Ext. 141| WhatsApp (+57) 3005338115 
E-mail: biblioteca@unisbc.edu.co | Calle 76 87-14 Robledo Palenque, Medellín, Colombia

Con tecnología Koha